[Event "GER-chT Lands U20"]
[Site "Neumuenster"]
[Date "2021.10.04"]
[Round "4.6"]
[White "Eichhorn, Mathilda Sophie"]
[Black "Braeutigam, Katerina"]
[Result "0-1"]
[WhiteElo "1329"]
[BlackElo "1734"]
[PlyCount "66"]
[EventDate "2021.10.01"]
[EventType "team-swiss"]
[EventRounds "7"]
[EventCountry "GER"]
[SourceTitle "CBM 204 Extra"]
[Source "ChessBase"]
[SourceDate "2021.11.30"]
[SourceVersion "1"]
[SourceVersionDate "2021.11.30"]
[SourceQuality "1"]
[WhiteTeam "Thueringen"]
[BlackTeam "Schleswig Holstein"]
[WhiteTeamCountry "GER"]
[BlackTeamCountry "GER"]

1. e4 e5 2. Nf3 Nc6 3. Bc4 Bc5 4. c3 Nf6 5. d4 exd4 6. cxd4 Bb4+ 7. Bd2 Bxd2+ 8. Nbxd2 d5 9. exd5 Nxd5 10. Qb3 Nce7 11. 0-0 0-0 12. Rfe1 c6 13. Ne4 h6 14. Rac1 Nb6 15. Bd3 Bg4 16. Ned2 Ned5 17. h3 Bxf3 18. Nxf3 Nf4 19. Bb1 Qf6 20. Rcd1 Rfd8 21. Qc2 g6 22. a3 Nxh3+ 23. Kh2 Ng5 24. Nxg5 Qxg5 25. Kg1 Rd7 26. Ba2 Rad8 27. Re4 Qf6 28. Qc3 Nd5 29. Qc4 Nc7 30. Qc3 Nb5 31. Qa5 Nxd4 32. Qe1 Nf3+ 33. gxf3 Rxd1 0-1

[Event "GER-chT Lands U20"]
[Site "Neumuenster"]
[Date "2021.10.02"]
[Round "2.7"]
[White "Dohon, Maria Johanna"]
[Black "Eichhorn, Mathilda Sophie"]
[Result "0-1"]
[WhiteElo "1521"]
[BlackElo "1329"]
[PlyCount "50"]
[EventDate "2021.10.01"]
[EventType "team-swiss"]
[EventRounds "7"]
[EventCountry "GER"]
[SourceTitle "CBM 204 Extra"]
[Source "ChessBase"]
[SourceDate "2021.11.30"]
[SourceVersion "1"]
[SourceVersionDate "2021.11.30"]
[SourceQuality "1"]
[WhiteTeam "Wuerttemberg"]
[BlackTeam "Thueringen"]
[WhiteTeamCountry "GER"]
[BlackTeamCountry "GER"]

1. d4 e6 2. c4 Nf6 3. Nf3 d5 4. Nc3 c5 5. e3 Nc6 6. cxd5 exd5 7. dxc5 Bxc5 8. a3 0-0 9. Be2 Re8 10. 0-0 Be6 11. b4 Bb6 12. Nb5 a6 13. Nbd4 Nxd4 14. Nxd4 Qd6 15. Bb2 Bc7 16. g3 Bh3 17. Re1 Qe5 18. Rc1 Bb6 19. Bf3 Qg5 20. Ne2 Bxe3 21. Nd4 Bxc1 22. Bxc1 Rxe1+ 23. Qxe1 Qg6 24. Qc3 Re8 25. Bf4 Qd3 0-1

[Event "GER-ch U12 Girls"]
[Site "Willingen"]
[Date "2020.10.29"]
[Round "4"]
[White "Woiteck, Helena"]
[Black "Eichhorn, Mathilda Sophie"]
[Result "1/2-1/2"]
[WhiteElo "1092"]
[BlackElo "1560"]
[PlyCount "144"]
[EventDate "2020.10.26"]
[EventType "swiss"]
[EventRounds "7"]
[EventCountry "GER"]
[SourceTitle "CBM 199 Extra"]
[Source "ChessBase"]
[SourceDate "2021.01.31"]
[SourceVersion "1"]
[SourceVersionDate "2021.01.31"]
[SourceQuality "1"]

1. d4 d5 2. Bf4 c5 3. e3 Nc6 4. Nf3 Nf6 5. c3 Qb6 6. Qc2 Bg4 7. Nbd2 e6 8. Be2 Be7 9. 0-0 0-0 10. Rfe1 Rac8 11. Qb1 Bf5 12. Qc1 cxd4 13. exd4 Nb4 14. Ne5 Nc6 15. Ndf3 h6 16. Nh4 Nxd4 17. Be3 Nxe2+ 18. Rxe2 Qb5 19. Re1 Rfd8 20. Nxf5 exf5 21. Bd4 Bc5 22. a4 Qb6 23. Bxc5 Qxc5 24. b4 Qxc3 25. Qb1 Qc2 26. Rc1 Qxc1+ 27. Qxc1 Rxc1+ 28. Rxc1 d4 29. Rd1 Ne4 30. a5 f6 31. Nd3 b6 32. axb6 axb6 33. f3 Nc3 34. Re1 Kf7 35. Kf2 Rd6 36. g3 g5 37. f4 h5 38. h4 Ne4+ 39. Kg2 Kg6 40. Re2 Nc3 41. Re1 b5 42. Kf2 Ne4+ 43. Kg2 g4 44. Rc1 Ra6 45. Rb1 Kf7 46. Rb2 Ke6 47. Rc2 Kd5 48. Kh2 Ra3 49. Nb2 Rxg3 50. Rc1 Rh3+ 51. Kg1 Rxh4 52. Na4 Rh3 53. Kg2 Rb3 54. Nb6+ Kd6 55. Nc8+ Kd7 56. Nb6+ Ke7 57. Nc8+ Kd8 58. Nb6 Rc3 59. Ra1 Rc2+ 60. Kg1 Kc7 61. Nd5+ Kd6 62. Ne3 Ng3 63. Nxc2 Ne2+ 64. Kf2 d3 65. Ra6+ Kd5 66. Ne3+ Kd4 67. Rd6+ Kc3 68. Rc6+ Kd2 69. Nf1+ Kd1 70. Ne3+ Kd2 71. Nf1+ Kd1 72. Ne3+ Kd2 1/2-1/2

[Event "GER-ch U12 Girls"]
[Site "Willingen"]
[Date "2020.10.28"]
[Round "2"]
[White "Bako, Evelin"]
[Black "Eichhorn, Mathilda Sophie"]
[Result "1-0"]
[WhiteElo "1192"]
[BlackElo "1560"]
[PlyCount "71"]
[EventDate "2020.10.26"]
[EventType "swiss"]
[EventRounds "7"]
[EventCountry "GER"]
[SourceTitle "CBM 199 Extra"]
[Source "ChessBase"]
[SourceDate "2021.01.31"]
[SourceVersion "1"]
[SourceVersionDate "2021.01.31"]
[SourceQuality "1"]

1. d4 e6 2. e4 d5 3. Nd2 c5 4. Ngf3 Nc6 5. c3 cxd4 6. Nxd4 Nge7 7. exd5 Nxd4 8. cxd4 Qxd5 9. Nf3 Nc6 10. a3 Be7 11. Bd3 0-0 12. Be3 Rd8 13. 0-0 e5 14. Qc2 h6 15. Bh7+ Kh8 16. dxe5 Nxe5 17. Be4 Nxf3+ 18. Bxf3 Qe5 19. Qb3 Bd6 20. g3 Rd7 21. Rad1 Bc5 22. Rxd7 Bxd7 23. Bxc5 Qxc5 24. Qxb7 Rd8 25. Rd1 Bh3 26. Rxd8+ Kh7 27. Be4+ f5 28. Bf3 Qe5 29. Rd1 f4 30. Qe4+ Qxe4 31. Bxe4+ g6 32. gxf4 Bg4 33. Rc1 h5 34. Rc7+ Kh6 35. Rc6 Kh7 36. Rxg6 1-0

[Event "GER-chT Lands U20"]
[Site "Berlin"]
[Date "2020.10.03"]
[Round "6.4"]
[White "Haug, Mara"]
[Black "Eichhorn, Mathilda Sophie"]
[Result "1-0"]
[WhiteElo "1366"]
[BlackElo "1532"]
[PlyCount "67"]
[EventDate "2020.09.29"]
[EventType "team-swiss"]
[EventRounds "7"]
[EventCountry "GER"]
[SourceTitle "CBM 198 Extra"]
[Source "ChessBase"]
[SourceDate "2020.11.30"]
[SourceVersion "1"]
[SourceVersionDate "2020.11.30"]
[SourceQuality "1"]
[WhiteTeam "Baden U20"]
[BlackTeam "Thueringen U20"]
[WhiteTeamCountry "GER"]
[BlackTeamCountry "GER"]

1. e4 e6 2. Nf3 d5 3. e5 c5 4. b4 Nc6 5. bxc5 Bxc5 6. d4 Bb6 7. c3 f6 8. Bd3 Bd7 9. Na3 fxe5 10. Nxe5 Nf6 11. Bg5 Ke7 12. Qh5 Be8 13. Qg4 Kf8 14. Qxe6 Qe7 15. Qxe7+ Nxe7 16. 0-0 h6 17. Bd2 a6 18. Rab1 Bb5 19. Nxb5 axb5 20. Rxb5 Ra6 21. Rfb1 Bc7 22. Rxb7 Rxa2 23. Rxc7 Rxd2 24. Bf1 Rg8 25. Ra7 g5 26. Rb8+ Ne8 27. Raa8 Kg7 28. Rxe8 Rxe8 29. Rxe8 Nf5 30. g3 Rc2 31. Bd3 Rc1+ 32. Kg2 Nd6 33. Rd8 Nb5 34. Bxb5 1-0

[Event "GER-ch U12 Girls"]
[Site "Willingen"]
[Date "2019.06.12"]
[Round "5"]
[White "Stepanjan, Marianne"]
[Black "Eichhorn, Mathilda Sophie"]
[Result "1/2-1/2"]
[WhiteElo "1312"]
[BlackElo "1452"]
[PlyCount "44"]
[EventDate "2019.06.08"]
[EventType "swiss"]
[EventRounds "9"]
[EventCountry "GER"]
[SourceTitle "CBM 191 Extra"]
[Source "ChessBase"]
[SourceDate "2019.09.30"]
[SourceVersion "1"]
[SourceVersionDate "2019.09.30"]
[SourceQuality "1"]

1. e4 e6 2. d4 d5 3. Nc3 dxe4 4. Nxe4 Nd7 5. Nf3 Ngf6 6. Bd3 Nxe4 7. Bxe4 Nf6 8. Bd3 c5 9. c3 Bd6 10. Bg5 0-0 11. Qc2 h6 12. Bh4 b6 13. Be4 Rb8 14. Ne5 Bb7 15. Bxf6 gxf6 16. Nc6 Bxc6 17. Bxc6 cxd4 18. cxd4 Bb4+ 19. Kf1 Qxd4 20. Rd1 Qc5 21. Qe4 Rbc8 22. Qg4+ Qg5 1/2-1/2